| 000 | 00379nam a2200145 4500 | ||
|---|---|---|---|
| 999 |
_c9475 _d9475 |
||
| 003 | OSt | ||
| 005 | 20210624163947.0 | ||
| 008 | 210624b ||||| |||| 00| 0 eng d | ||
| 020 | _a9780300125085 | ||
| 082 |
_2720.92241 _aCOL |
||
| 100 | _aColvin Howard | ||
| 245 | _aA biographical dictionary of british architects | ||
| 260 |
_aLondon _bYale university press _c2008 |
||
| 942 | _2ddc | ||